| 000 | 01067cam a22003018a 4500 | ||
|---|---|---|---|
| 001 | 14501578 | ||
| 005 | 20170105102932.0 | ||
| 008 | 060816s2007 enk b 001 0 eng | ||
| 010 | _a 2006027025 | ||
| 020 | _a0415396654 (hardback) | ||
| 040 |
_aDLC _cDLC _dDLC |
||
| 050 | 0 | 0 |
_aJZ5538 _b.H36 2007 |
| 082 | 0 | 0 |
_a303.6/6 _222 _bHAN 2007 |
| 245 | 0 | 0 |
_aHandbook of peace and conflict studies / _cedited by Charles Webel and Johan Galtung. |
| 260 |
_aLondon ; _aNew York : _bRoutledge, _c2007. |
||
| 263 | _a0704 | ||
| 300 | _ap. cm. | ||
| 504 | _aIncludes bibliographical references and index. | ||
| 650 | 0 | _aPeace-building. | |
| 650 | 0 | _aConflict management. | |
| 700 | 1 | _aWebel, Charles. | |
| 700 | 1 | _aGaltung, Johan. | |
| 856 | 4 | 1 |
_3Table of contents only _uhttp://www.loc.gov/catdir/toc/ecip0619/2006027025.html |
| 856 | 4 | 2 |
_3Publisher description _uhttp://www.loc.gov/catdir/enhancements/fy0705/2006027025-d.html |
| 906 |
_a7 _brix _corignew _d1 _eecip _f20 _gy-gencatlg |
||
| 942 |
_2ddc _cBK |
||
| 999 |
_c16087 _d16087 |
||